Textos culturales y literarios / (Registro nro. 13848)
[ vista simple ]
| 000 -LIDER | |
|---|---|
| fixed length control field | 00852nam a2200277 a 4500 |
| 001 - NÚMERO DE CONTROL | |
| Identificador de número de control | |
| 003 - IDENTIFICACDOR DE NÚMERO DE CONTROL | |
| control field | OSt |
| 005 - DATE AND TIME OF LATEST TRANSACTION | |
| control field | 20211108083440.0 |
| 008 - ELEMENTOS DE LONGITUD FIJA | |
| fixed length control field | 091019t1994 dr r 000 e spa d |
| 040 ## - FUENTE DE CATALOGACIÓN | |
| Agencia que crea de manera original el registro | DO-SdBNP |
| Idioma de catalogación | spa |
| Agencia que realiza la transcripción | BPMSU |
| 082 ## - NÚMERO DE CLASIFICACIÓN DECIMAL DE DEWEY | |
| Classification number | RD868.44 |
| Item number | B742t, 1994 |
| Edition number | 22 |
| 100 1# - ASIENTO PRINCIPAL -- NOMBRE PERSONAL | |
| Nombre personal | Bosch, Juan, |
| Fechas asociadas con el nombre | 1909-2001 |
| 9 (RLIN) | 1 |
| 245 10 - MENCIÓN DE TITULO | |
| Título | Textos culturales y literarios / |
| Mención de responsabilidad | Juan Bosch. |
| 250 ## - MENCIÓN DE EDICION | |
| Mención de edición | 3a ed. |
| 260 ## - PUBLICACIÓN, DISTRIBUCIÓN, ETC. (PIE DE IMPRENTA) | |
| Lugar de publicación, distribución, etc | Santo Domingo : |
| Nombre del editor, distribuidor, etc. | Alfa & Omega, |
| Fecha de publicación, distribución, etc | 1994. |
| 300 ## - DESCRIPCIÓN FÍSICA | |
| Extensión | 268 p. ; |
| Dimensiones | 21 cm. |
| 504 ## - NOTA DE BIBLIOGRAFÍA, ETC. | |
| Bibliography, etc | Incluye referencias bibliográficas y notas al pie de páginas. |
| 590 ## - NOTA LOCAL | |
| Enlace | Inventariado, 2021/VM |
| 650 #4 - ENCABEZAMIENTO DE MATERIA--TEMÁTICO | |
| Término temático o nombre geográfico como elemento de entrada | Cultura |
| Subdivisión geográfica | República Dominicana |
| Subdivisión temática general | Ensayos, conferencias, etc. |
| 650 #4 - ENCABEZAMIENTO DE MATERIA--TEMÁTICO | |
| Término temático o nombre geográfico como elemento de entrada | Literatura dominicana. |
| 650 #4 - ENCABEZAMIENTO DE MATERIA--TEMÁTICO | |
| Término temático o nombre geográfico como elemento de entrada | Cuentos dominicanos |
| 650 #4 - ENCABEZAMIENTO DE MATERIA--TEMÁTICO | |
| Término temático o nombre geográfico como elemento de entrada | Poesía dominicana |
| 650 #4 - ENCABEZAMIENTO DE MATERIA--TEMÁTICO | |
| Término temático o nombre geográfico como elemento de entrada | Prosa dominicana |
| 910 ## - VALIDACIÓN | |
| Validación | VMateo V. |
| 942 ## - ADDED ENTRY ELEMENTS (KOHA) | |
| Source of classification or shelving scheme | Dewey Decimal Classification |
| Koha item type | Libros |
| Withdrawn status | Lost status | Source of classification or shelving scheme | Damaged status | Not for loan | Collection code | Home library | Current library | Date acquired | Source of acquisition | Full call number | Barcode | Date last seen | Price effective from | Koha item type |
|---|---|---|---|---|---|---|---|---|---|---|---|---|---|---|
| Dewey Decimal Classification | Colección Dominicana | Biblioteca Pública Metropolitana Salomé Ureña | Biblioteca Pública Metropolitana Salomé Ureña | 11/08/2021 | Fundación Juan Bosch | BPMSU CD RD868.44 B742t 1994 | BPMSU21110046 | 11/08/2021 | 11/08/2021 | Libros |